| 000 | 01169cam a2200289 i 4500 | ||
|---|---|---|---|
| 001 | 1475 | ||
| 005 | 20231211141451.0 | ||
| 020 | _a9780531224809 (library binding) | ||
| 020 | _a9780531222706 (pbk.) | ||
| 040 |
_aNJQ/DLC _beng _cNJQ _erda _dDLC |
||
| 050 | 0 | 0 |
_aUG1242.D7 _bM34 2016 |
| 082 | 0 | 4 |
_a623.74/69 _223 |
| 100 | 1 |
_aMarsico, Katie, _d1980- _eauthor. |
|
| 245 | 1 | 0 |
_aDrones / _cKatie Marsico. |
| 260 |
_aRaleigh : _bScholastic, _c2016 |
||
| 300 |
_a48 pages : _bcolor illustrations ; _c22 cm |
||
| 490 | 1 | _aA true book | |
| 505 | 0 | _aU | |
| 505 | 0 | _aA unique flying force -- Past and present -- From massive tools to miniature toys -- The debate about drones -- Flying into the future. | |
| 520 |
_a"Learn all about unmanned aircraft, or drones, including how they were invented and improved over time, what they are used for today, and why they have sometimes caused controversy"-- _cProvided by publisher. |
||
| 521 |
_a990
_bLexile |
||
| 521 |
_aU
_bRaz-Plus |
||
| 650 | 0 |
_aDrone aircraft _vJuvenile literature. |
|
| 650 | 0 |
_aDrone aircraft _xHistory _vJuvenile literature. |
|
| 906 |
_a7 _bcbc _corignew _d1 _eecip _f20 _gy-gencatlg |
||
| 942 |
_2ddc _cBK _n0 |
||
| 999 |
_c1475 _d1475 |
||